[Event "Rheinland Pfalz op 11th"]
[Site "Weilerbach"]
[Date "2019.06.22"]
[Round "5"]
[White "Reuter, Marvin"]
[Black "Schotthoefer, Samira"]
[Result "1-0"]
[WhiteElo "1558"]
[BlackElo "1304"]
[PlyCount "63"]
[EventDate "2019.06.20"]
[EventType "swiss"]
[EventRounds "7"]
[EventCountry "GER"]
[SourceTitle "CBM 191 Extra"]
[Source "ChessBase"]
[SourceDate "2019.09.30"]
[SourceVersion "1"]
[SourceVersionDate "2019.09.30"]
[SourceQuality "1"]

1. d4 d5 2. Bf4 e6 3. Nf3 Nf6 4. e3 Bd6 5. Bg3 0-0 6. Nbd2 b6 7. Bd3 Bd7 8. c3 c5 9. dxc5 bxc5 10. Qb3 Bc6 11. c4 Qc7 12. cxd5 exd5 13. Bb5 Nbd7 14. Bxc6 Qxc6 15. Qc2 Rfe8 16. Bxd6 Qxd6 17. 0-0 Rab8 18. Rab1 h6 19. Rfe1 a6 20. e4 dxe4 21. Nxe4 Nxe4 22. Rxe4 Rxe4 23. Qxe4 Nf6 24. Qc4 Qb6 25. Ne5 Qc7 26. Nd3 Qa5 27. Nxc5 Rb4 28. Qc2 Qxa2 29. Rd1 Rb8 30. h3 Qxb2 31. Rd8+ Rxd8 32. Qxb2 1-0